000 00592nam a2200229Ia 4500
003 OSt
005 20220927105225.0
006 a|||||r|||| 00| 0
007 ta
008 220926b |||||||| |||| 00| 0 eng d
024 _a188187
037 _cReference Collections
040 _aRTL
_cRTL
_beng
041 _2eng
_aeng
082 _a"W1,N, K8/SC"
100 _aRoy M. N.
_9371155
245 0 _aMen I met
260 _aDelhi
_bAjanta Publications
_c1968
300 _a146p
_ccm.
942 _h"W1,N, K8/SC"
_cCC
999 _c691387
_d691387